Mass COmmunication Theory &Practice (Record no. 23606)
[ view plain ]
| 000 -LEADER | |
|---|---|
| fixed length control field | 00752nam a22002057a 4500 |
| 003 - CONTROL NUMBER IDENTIFIER | |
| control field | NUST |
| 005 - DATE AND TIME OF LATEST TRANSACTION | |
| control field | 20170519121725.0 |
| 008 - FIXED-LENGTH DATA ELEMENTS--GENERAL INFORMATION | |
| fixed length control field | 110406t xxu||||| |||| 00| 0 eng d |
| 040 ## - CATALOGING SOURCE | |
| Transcribing agency | RCMS |
| Original cataloging agency | DLC |
| Language of cataloging | DLC |
| 050 ## - LIBRARY OF CONGRESS CALL NUMBER | |
| Classification number | 001.5 HIJ |
| 082 ## - DEWEY DECIMAL CLASSIFICATION NUMBER | |
| Classification number | 001.5 HIJ |
| 100 ## - MAIN ENTRY--PERSONAL NAME | |
| Personal name | Prof. Dr. M.A. Hijazi |
| 9 (RLIN) | 90 |
| 245 ## - TITLE STATEMENT | |
| Title | Mass COmmunication Theory &Practice |
| 260 ## - PUBLICATION, DISTRIBUTION, ETC. | |
| Place of publication, distribution, etc. | LAHORE |
| Name of publisher, distributor, etc. | Miskeen Ali Hijazi |
| Date of publication, distribution, etc. | 2004 |
| 300 ## - PHYSICAL DESCRIPTION | |
| Extent | 349p |
| 538 ## - SYSTEM DETAILS NOTE | |
| Display text | Shelf # 13, Row # 2, Fiction. |
| 546 ## - LANGUAGE NOTE | |
| Language note | ENGLISH |
| 563 ## - BINDING INFORMATION | |
| Binding note | HB C |
| 650 ## - SUBJECT ADDED ENTRY--TOPICAL TERM | |
| Topical term or geographic name entry element | Mass Communication |
| 9 (RLIN) | 91 |
| 942 ## - ADDED ENTRY ELEMENTS (KOHA) | |
| Source of classification or shelving scheme | |
| Koha item type | Book |
| Classification part | 001.5 HIJ |
| Withdrawn status | Lost status | Source of classification or shelving scheme | Damaged status | Not for loan | Collection code | Permanent Location | Current Location | Shelving location | Date acquired | Total Checkouts | Full call number | Barcode | Date last seen | Price effective from | Koha item type |
|---|---|---|---|---|---|---|---|---|---|---|---|---|---|---|---|
| Computer Science | Central Library (CL) | Central Library (CL) | First Floor - Computer Science | 12/19/2013 | 001.5HIJ | RCMS000851 | 12/19/2013 | 12/19/2013 | Book | ||||||
| School of Interdisciplinary Engineering and Sciences (SINES) | School of Interdisciplinary Engineering and Sciences (SINES) | General Stacks | 12/19/2013 | 001.5HIJ | RCMS000852 | 12/19/2013 | 12/19/2013 | Book |
